| 000 | 01549nam0a2200385 4500 | ||
|---|---|---|---|
| 001 | RU\NLR\BIBL_A\011250605 | ||
| 005 | 20260601063845.0 | ||
| 010 |
_a978-5-17-091845-4 _95000 |
||
| 021 |
_aRU _bКН-П-18-103617 _9КН-П-18-7512 |
||
| 035 | _a(NLR Aleph) 011250605 | ||
| 035 | _a(RuMoRGB)009858987 | ||
| 035 | _a(NILC)RuMoRGB-008638034 | ||
| 090 |
_a12164884 _c12164885 |
||
| 100 | _a20161019d2016 b y0rusy50 ca | ||
| 101 | 0 | _arus | |
| 102 | _aRU | ||
| 105 | _aa|||z|||000zy | ||
| 200 | 1 |
_aКотёнок по имени Гав _e[сказки _eиз книги "Котёнок по имени Гав" _eкнижка-игрушка с вырубкой _eдля дошкольного возраста] _fГ. Остер _gрис. В. Сутеева |
|
| 210 |
_aМосква _cАСТ _cМалыш _dcop. 2016 |
||
| 215 |
_a[8] с. _cцв. ил. _d28 |
||
| 225 | 1 | _aСерия "Большие книжки для маленьких" | |
| 333 | _a0+ | ||
| 675 | _a821.161.1-93 | ||
| 686 | 0 | _aШ9(2)60=Р7-8 | |
| 700 | 1 |
_8rus _7ca _aОстер _bГ. Б. _f1947 - _gГригорий Бенционович _3RU\NLR\AUTH\77563 _9110610 |
|
| 702 | 1 |
_4040 _7ca _8rus _aСутеев _bВ. Г. _f1903-1993 _gВладимир Григорьевич _9118246 _3RU\NLR\auth\778336 |
|
| 801 | 0 |
_aRU _bРГБ _c20161004 _gRCR |
|
| 801 | 1 |
_aRU _bРГБ _c20161004 _2rusmarc |
|
| 801 | 2 |
_aRU _bРГБ _c20161005 _grcr |
|
| 942 | _cBOOK | ||
| 980 | _aNBR | ||
| 980 | _aNB | ||